Der Vermietungsassistent : (Record no. 122305)

MARC details
000 -LEADER
fixed length control field 03806nam a22003013i 4500
001 - CONTROL NUMBER
control field BDZ0056968382
003 - CONTROL NUMBER IDENTIFIER
control field StDuBDS
005 - DATE AND TIME OF LATEST TRANSACTION
control field 20260310112410.0
007 - PHYSICAL DESCRIPTION FIXED FIELD--GENERAL INFORMATION
fixed length control field cr||||||||||||
008 - FIXED-LENGTH DATA ELEMENTS--GENERAL INFORMATION
fixed length control field 250213s2025 enk go 000|0 eng d
020 ## - INTERNATIONAL STANDARD BOOK NUMBER
International Standard Book Number 9783965334397
040 ## - CATALOGING SOURCE
Original cataloging agency StDuBDS
Language of cataloging eng
Description conventions rda
Transcribing agency StDuBDS
100 1# - MAIN ENTRY--PERSONAL NAME
Personal name Otto N. , Bretzinger,
Relator term author.
245 10 - TITLE STATEMENT
Title Der Vermietungsassistent :
Remainder of title Set mit allen Formularen und Mustern, die Sie als Vermieter brauchen /
Statement of responsibility, etc. Bretzinger Otto N.
264 #1 - PRODUCTION, PUBLICATION, DISTRIBUTION, MANUFACTURE, AND COPYRIGHT NOTICE
Place of production, publication, distribution, manufacture [Place of publication not identified] :
Name of producer, publisher, distributor, manufacturer Wolters Kluwer Steuertipps GmbH,
Date of production, publication, distribution, manufacture, or copyright notice 2025.
300 ## - PHYSICAL DESCRIPTION
Extent 1 online resource
336 ## - CONTENT TYPE
Content type term text
Source rdacontent
337 ## - MEDIA TYPE
Media type term unmediated
Source rdamedia
338 ## - CARRIER TYPE
Carrier type term volume
Source rdacarrier
366 ## - TRADE AVAILABILITY INFORMATION
Detailed date of publication 20250221
Availability status code Not yet available
520 8# - SUMMARY, ETC.
Summary, etc. Wenn Sie als Vermieter rechtliche und finanzielle Fehler vermeiden wollen, sollten Sie sich rechtzeitig mit den mietrechtlichen Regelungen und Grundsatzen befassen. Ihre Anspruche und Rechte als Vermieter bei der Vermietung von Wohnungen zu kennen ist allerdings nur das eine, das andere ist, diese auch in der Praxis tatsachlich gegenuber dem Mieter geltend zu machen. In der Praxis scheitern es nicht selten daran, dass gesetzlich vorgeschriebene Formalitaten nicht eingehalten oder die Rechte nicht fristgema wahrgenommen werden. In diesem Buch finden Sie Vertragsmuster, Formulierungshilfen und Musterbriefe, die Ihnen als Vermieter bei allem, was mit der Vermietung von Wohnungen zu tun hat, helfen sollen: Vertrage richtig formulieren, Ihre Rechte Mietern gegenuber geltend machen und so eine fur Sie gunstige Rechtslage schaffen. Umfangreiche Checklisten geben Ihnen Handlungsanleitungen und fassen bei den wichtigen rechtlichen Fragen das Wesentliche zusammen. Der Vermietungsassistent enthalt Mustervertrage, Musterbriefe und Formulierungshilfen- fur die Begrundung des Mietverhaltnisses: U.a. Mieter-Selbstauskunft, Mietschuldenfreiheitsbescheinigung, Textbausteine fur den Mietvertrag, Wohnungsubergabeprotokoll, Kautionsbestatigung;- fur das laufende Mietverhaltnis: U.a. Mahnung wegen ruckstandiger Miete, Betriebskostenabrechnung, Abmahnung wegen Verletzung des Mietvertrags, Aufforderung zur Duldung von Instandhaltungs- und Instandsetzungsarbeiten, Erlaubnis zur Untervermietung, Verbot der Haustierhaltung, Aufforderung zur Duldung von Modernisierungsarbeiten, Muster einer Modernisierungsvereinbarung, Geltendmachung von Mieterhohungen;- fur die Beendigung des Mietverhaltnisses: U.a. ordentliche und au erordentliche (fristlose) Kundigung des Mietvertrags, Muster eines Mietaufhebungsvertrags, Wohnungsabnahmeprotokoll, Aufforderung zum Ruckbau von Bauten und Einrichtungen, Aufforderung zur Durchfuhrung von Schonheitsreparaturen, Abrechnung der Mietkaution.Insgesamt will Sie der der Vermietungsassistent bei der Verwaltung Ihrer vermieteten Wohnung begleiten und Hilfestellung bei der praktischen Umsetzung Ihrer Rechte und Anspruche gegenuber dem Mieter leisten. Somit ist der Vermietungsassistent ihr praktischer Helfer bei allem was es bei der Vermietung einer Wohnung zu tun und zu beachten gibt!
520 8# - SUMMARY, ETC.
Summary, etc. In this book you will find sample contracts, drafting aids and sample letters that are intended to help you as a landlord with everything that has to do with renting out apartments: formulating contracts correctly, asserting your rights against tenants and thus creating a legal situation that is favourable to you. Extensive checklists provide you with instructions for action and summarize the essentials of the important legal issues.
650 ## - SUBJECT ADDED ENTRY--TOPICAL TERM
Topical term or geographic name entry element LANDLORD AND TENANT
650 ## - SUBJECT ADDED ENTRY--TOPICAL TERM
Topical term or geographic name entry element EBOOK
651 ## - SUBJECT ADDED ENTRY--GEOGRAPHIC NAME
Geographic name GERMANY
856 40 - ELECTRONIC LOCATION AND ACCESS
Uniform Resource Identifier <a href="https://www.vlebooks.com/product/openreader?id=RICS&accId=9491556&isbn=9783965334397">https://www.vlebooks.com/product/openreader?id=RICS&accId=9491556&isbn=9783965334397</a>
Public note Available via Vlebooks (email [email protected] for access)
942 ## - ADDED ENTRY ELEMENTS (KOHA)
Source of classification or shelving scheme Dewey Decimal Classification
Holdings
Withdrawn status Lost status Damaged status Not for loan Home library Current library Shelving location Date acquired Total Checkouts Full call number Date last seen Price effective from Koha item type
        Virtual Virtual Online 10/03/2026   EBOOK 10/03/2026 10/03/2026 Book